Eniten uinnin olympiamitaleita saavuttaneet valtiot - Statistics

Yleistilastot
  • Tätä visaa on pelattu 441 kertaa
  • Keskiarvotulos 13 / 16
Vastaustilastot
Kultaa Hopeaa Pronssia Mitalit Valtio % Oikein
265 192 151 608 Yhdysvallat
100%
19 30 52 101 Saksa
ml. Länsi-Saksa
96%
18 24 19 61 Kiina
96%
12 17 22 51 Ranska
95%
7 11 10 28 Venäjä
94%
24 28 32 84 Japani
93%
12 20 31 63 Kanada
93%
7 8 20 35 Italia
90%
11 16 14 41 Ruotsi
88%
76 79 77 232 Australia
87%
21 35 31 87 Iso-Britannia
86%
23 21 21 65 Alankomaat
70%
18 24 27 69 Neuvostoliitto
ml. Yhdistynyt joukkue
70%
32 28 21 81 Unkari
51%
38 32 22 92 Itä-Saksa
48%
8 8 6 22 Etelä-Afrikka
36%
Ehtoja vastaavia visoja ei löytynyt
Tulosjakauma
Jokaisen tuloksen saaneiden osuus
Persentiili vastausten määrän mukaan
Tuloshistoriasi
Et ole pelannut tätä visaa